No god but god : (Record no. 15904)
[ view plain ]
| 000 -LEADER | |
|---|---|
| fixed length control field | 01732nam a2200253 a 4500 |
| 001 - CONTROL NUMBER | |
| control field | ASIN0099564327 |
| 005 - DATE AND TIME OF LATEST TRANSACTION | |
| control field | 20170105102928.0 |
| 008 - FIXED-LENGTH DATA ELEMENTS--GENERAL INFORMATION | |
| fixed length control field | 131213s2011 xxu eng d |
| 020 ## - INTERNATIONAL STANDARD BOOK NUMBER | |
| International Standard Book Number | 0099564327 (paperback) |
| Terms of availability | $20.75 |
| 020 ## - INTERNATIONAL STANDARD BOOK NUMBER | |
| International Standard Book Number | 9780099564324 (paperback) |
| 040 ## - CATALOGING SOURCE | |
| Original cataloging agency | 0 |
| 050 04 - LIBRARY OF CONGRESS CALL NUMBER | |
| Classification number | BP161.3 |
| 082 04 - DEWEY DECIMAL CLASSIFICATION NUMBER | |
| Classification number | 297 |
| Author Mark | ASL 2011 |
| 100 1# - MAIN ENTRY--PERSONAL NAME | |
| Personal name | Aslan, Reza. |
| 245 10 - TITLE STATEMENT | |
| Title | No god but god : |
| Remainder of title | the origins, evolution, and future of islam / |
| Statement of responsibility, etc. | Reza Aslan. |
| 260 ## - PUBLICATION, DISTRIBUTION, ETC. | |
| Place of publication, distribution, etc. | [S.l.] : |
| Name of publisher, distributor, etc. | Arrow, |
| Date of publication, distribution, etc. | 2011. |
| 300 ## - PHYSICAL DESCRIPTION | |
| Extent | 384 p. ; |
| Dimensions | 20 cm. |
| 500 ## - GENERAL NOTE | |
| General note | International Edition. |
| 520 ## - SUMMARY, ETC. | |
| Summary, etc. | *Ten years on from 9/11, much of the Muslim faith remains largely unknown and misunderstood in the West. *While there have been a number of successful books on the topic of Islamic history - from Karen Armstrong's Islam: A Brief History to Bernard Lewis's The Crises of Islam - there is surprisingly no book for a popular audience about Islam as a religion, let alone one by an author from an Islamic background. *No God But God fills that gap, addressing issues of belief: the difference between the Quran and the Bible, the meaning of the Hajj, the Muslim relationship with Jesus, the Muslim attitude towards Jews, equality between the sexes and more. * This revised and updated edition includes a wealth of new material and new chapters covering recent uprisings in Tunisia, Egypt and Libya; the changing face of Islam in Europe and North Africa; and a number of topics of heated debate (the veil controversy; Islam & women; Iraq War as a Jihadi recruiting agent etc). |
| 650 #0 - SUBJECT ADDED ENTRY--TOPICAL TERM | |
| Topical term or geographic name entry element | Islam |
| 650 #0 - SUBJECT ADDED ENTRY--TOPICAL TERM | |
| Topical term or geographic name entry element | Islam--Essence, genius, nature |
| 856 40 - ELECTRONIC LOCATION AND ACCESS | |
| Materials specified | Amazon.com |
| Uniform Resource Identifier | <a href="http://www.amazon.com/exec/obidos/ASIN/0099564327/chopaconline-20">http://www.amazon.com/exec/obidos/ASIN/0099564327/chopaconline-20</a> |
| 942 ## - ADDED ENTRY ELEMENTS (KOHA) | |
| Source of classification or shelving scheme | |
| Koha item type | Book |
| Withdrawn status | Lost status | Damaged status | Not for loan | Collection code | Permanent Location | Current Location | Shelving location | Date acquired | Total Checkouts | Full call number | Barcode | Date last seen | Price effective from | Koha item type |
|---|---|---|---|---|---|---|---|---|---|---|---|---|---|---|
| Centre for International Peace & Stability (CIPS) | Centre for International Peace & Stability (CIPS) | General Stacks | 09/30/2013 | 297 ASL 2011 | CIPS0001402 | 12/13/2013 | 12/13/2013 | Book |
